La hermosa ruralidad de un sueño
Spremljeno u:
| Glavni autor: | |
|---|---|
| Format: | Knjiga |
| Jezik: | španjolski |
| Izdano: |
San Felipe
Autoediciones Doña Tungo
2008
|
| Izdanje: | 1a. ed |
| Teme: | |
| Oznake: |
Dodaj oznaku
Bez oznaka, Budi prvi tko označuje ovaj zapis!
|
MARC
| LEADER | 00000cam a2200000 a 4500 | ||
|---|---|---|---|
| 001 | UCE7292 | ||
| 003 | CL-VaPUC | ||
| 008 | 150605e20080000cl |||||||||||||||||spa|d | ||
| 082 | 0 | 4 | |a Ch861 |b HER |2 21 |
| 100 | |a Hernández Ayala, Carlos |e author |9 579976 | ||
| 245 | 1 | 3 | |a La hermosa ruralidad de un sueño |
| 250 | |a 1a. ed | ||
| 300 | |a 110 p | ||
| 942 | |c BK | ||
| 945 | |d 20150605 14:50:00 |a dcastane | ||
| 260 | |a San Felipe |b Autoediciones Doña Tungo |c 2008 | ||
| 650 | 0 | |a Poesías chilenas |9 265280 | |
| 650 | 0 | |a Literatura chilena |9 308278 | |
| 583 | |a last modification |c 20150605 14:50:00 |k Rodrigo Vera | ||
| 999 | |c 359393 |d 359391 | ||
| 952 | |0 0 |1 0 |3 erb |4 0 |6 CH_861_000000000000000_HER_2008 |7 0 |8 A |9 468564 |a BIBEDU |b BIBEDU |c ES_NOD |i 5162114 |o Ch861 HER 2008 |p 5162114 |r 2023-08-09 |w 2019-11-23 |y BK |z Catalogado en:20150605 |k LIT | ||
| 952 | |0 0 |1 0 |3 erb |4 0 |6 CH_861_000000000000000_HER_2008 |7 0 |8 A |9 468565 |a BIBEDU |b BIBEDU |c ES_NOD |i 5162106 |o Ch861 HER 2008 |p 5162106 |r 2023-08-09 |w 2019-11-23 |y BK |z Catalogado en:20150605 |k LIT | ||